000
00314 a2200157 4500
001
57626
020
_a
9723603616
040
_c
Anchieta - Pituba
100
_a
Viana, José Paulo
240
1
0
_a
Desafios 4
_l
por
245
1
0
_a
Desafios 4
300
_a
362
0
_a
1995
650
4
_a
Matemática
942
_c
BK
999
_c
57626
_d
57626